000 004650000a22001690004500
003 MACL
005 20151226165030.0
008 151226b xxu||||| |||| 00| 0 eng d
040 _aMACL
_cMACL
041 _aEnglish
082 _a403/GRA
100 _aGramercy Books
_923006
245 _aWebsters Encyclopedic Unabridged Dictionary of the English Language
260 _bGramercy Books
_c1996
_aNew York
650 _aDictionary
_923007
942 _cBK
_k403/GRA
_2ddc
999 _c40127
_d40127